=LDR 00000nam 2200000 4500 =001 INLIS000000000030754 =005 20130612132856 =008 ***********************************Ind** =035 ##$$a0010-061300000030754 =041 ##$$a Ind =082 ##$$a 510.3 =090 ##$$a 510.3, Unt b =100 ##$$a Untoro, Joko =245 ##$$a Buku pintar matematika SMA, oleh Joko Untoro ; penyunting, Sandy Fahamsyah =260 ##$$a 2009 $b Jakarta =300 ##$$a viii, 318 hlm, ilus6c21cm =650 ##$$a Matematika-Buku Pintar =700 ##$$a Fahamsyah, Sandy =850 ##$$a NBPNMAT =990 ##$$a 93938/BPAP-NTB/2014